Culture Générale - Série 673 - Statistiques

Statistiques générales
  • Ce quiz a été pris 208 fois
  • Le résultat moyen est 6 sur 10
Statistiques - réponses
Question Réponse % Correct
Qu'est-ce qui peut être "de fa", "anglaise" ou à "molette" ? clé
99%
Dans quelle ville surplombée par le Corcovado êtes-vous, si vous bronzez sur les plages de Copacabana ? Rio de Janeiro
89%
Quelle grande ville française est desservie par l'aéroport de Saint-Exupéry ? Lyon
82%
Quel écrivain français est l'auteur des romans "Bel-Ami" et "Pierre et Jean" ? Guy de Maupassant
80%
Quel auteur du XVIIIe siècle a écrit "Émile ou De l'éducation" ? Jean-Jacques Rousseau
53%
Quel palais se trouve au 55, rue du Faubourg-Saint-Honoré dans le VIIIe arrondissement de Paris ? Le palais de l'Élysée
48%
En août 2009, sur quel archipel danois la France a-t-elle joué un match de qualification, pour la Coupe du monde de football 2010 ? Les îles Féroé
47%
Qui interprète Peter Pan adulte dans : "Hook ou la Revanche du capitaine Crochet", de Steven Spielberg ? Robin Williams
45%
Quel écrivain français, auteur de “Colomba”, était aussi inspecteur des Monuments historiques ? Prosper Mérimée
27%
De quelle agence photographique, née en 1947, Robert Capa est-il le cofondateur ? Magnum
13%
Aucun quiz correspondant
Distribution des résultats
% des personnes avec chaque résultat
Percentile par nombre de réponses
Votre historique - résultats
Vous n’avez pas pris ce quiz